000 00444cam a22001337a 4500
008 180718b1970 xxu||||| |||| 00| 0 eng d
082 _aF5x5413 B489
100 _aBihar. T.L. Venkatarama Aiyar Commission of Inquiry
245 _aReport of the T.L. Venkatarama Aiyar Commission of Inquiry
260 _aPatna
_bThe author
_c1970
300 _a561+p.
500 _aChairman: T.L. Venkatarama Aiyar
700 _aVenkatarama Aiyar, T.L. (Chairman)
999 _c489218
_d489218